Bảng phân loại tài liệu địa chí Dùng cho các thư viện công cộng kèm theo hướng dẫn nghiệp vụ
Сохранить в:
| Главный автор: | |
|---|---|
| Другие авторы: | |
| Формат: | |
| Опубликовано: |
Hà Nội
Bộ Văn hóa - Thông tin
1993
|
| Предметы: | |
| Метки: |
Добавить метку
Нет меток, Требуется 1-ая метка записи!
|
| Thư viện lưu trữ: | Trung tâm Học liệu Lê Vũ Hùng, Trường Đại học Đồng Tháp |
|---|
| LEADER | 00892pam a22002418a 4500 | ||
|---|---|---|---|
| 001 | 00044613 | ||
| 005 | 20190821080812.0 | ||
| 008 | 170511s ||||||Viesd | ||
| 020 | # | # | |c 19500 |
| 041 | 0 | # | |a Vie |
| 082 | 1 | 4 | |a 025.4 |b B106PH |
| 100 | 0 | # | |a Lê, Gia Hội |
| 245 | 0 | 0 | |b Dùng cho các thư viện công cộng kèm theo hướng dẫn nghiệp vụ |a Bảng phân loại tài liệu địa chí |c Lê Gia Hội; Nguyễn Hữu Viêm |
| 260 | # | # | |c 1993 |a Hà Nội |b Bộ Văn hóa - Thông tin |
| 300 | # | # | |a 247tr. |c 24 cm. |
| 653 | # | # | |a Phân loại |
| 653 | # | # | |a công cộng |
| 653 | # | # | |a khung phân loại |
| 653 | # | # | |a Địa chí |
| 700 | 1 | # | |a Nguyễn, Hữu Viêm |
| 852 | # | # | |j KM.0032416 |j KD.0026215 |j KM.0032419 |
| 910 | # | # | |d 21/8/2019 |
| 980 | # | # | |a Trung tâm Học liệu Lê Vũ Hùng, Trường Đại học Đồng Tháp |